000 00247 a2200109 4500
001 119691
040 _cEscola Canadense de Niteroi
245 1 0 _aAlfabetário cursivo [Banner]
650 4 _aAlfabeto
650 4 _aLĂ­ngua Portuguesa
942 _cMATP
999 _c119691
_d119691